[Event "BL2-Ost 1920"]
[Site "Germany"]
[Date "2021.08.07"]
[Round "9.7"]
[White "Pulpan, Jakub"]
[Black "Eichler, Christoph"]
[Result "1/2-1/2"]
[WhiteElo "2414"]
[BlackElo "2297"]
[PlyCount "95"]
[EventDate "2019.10.19"]
[EventType "team-tourn"]
[EventRounds "11"]
[EventCountry "GER"]
[SourceTitle "EXT 2023"]
[Source "ChessBase"]
[SourceDate "2022.10.05"]
[SourceVersion "1"]
[SourceVersionDate "2022.10.05"]
[SourceQuality "1"]
[WhiteTeam "Nickelhuette Aue"]
[BlackTeam "Zugzwang MSA"]
[WhiteTeamCountry "GER"]
[BlackTeamCountry "GER"]

1. g3 d5 2. Bg2 Nf6 3. Nf3 e6 4. b3 Be7 5. Bb2 0-0 6. 0-0 c5 7. d4 Nc6 8. Nbd2 cxd4 9. Nxd4 Bd7 10. c4 Nxd4 11. Bxd4 Bc6 12. Rc1 b6 13. cxd5 Bxd5 14. e4 Bb7 15. e5 Nd5 16. Qg4 Rc8 17. Ne4 Ba6 18. Rxc8 Qxc8 19. Re1 Bb4 20. Rd1 Qc2 21. Nf6+ Nxf6 22. exf6 g6 23. Bf1 h5 24. Qf3 Bxf1 25. Rxf1 Rd8 26. Be5 Rd5 27. Qf4 Bc5 28. b4 Bf8 29. a3 a5 30. Bd4 Qc4 31. Bxb6 Qxf4 32. gxf4 axb4 33. axb4 Rb5 34. Be3 Rxb4 35. Ra1 Rb8 36. Bd4 Bd6 37. Be5 Bxe5 38. fxe5 g5 39. h4 g4 40. f3 gxf3 41. Kf2 Rb4 42. Rg1+ Rg4 43. Rg3 Kf8 44. Kxf3 Rxh4 45. Rg7 Rh1 46. Rh7 Kg8 47. Rg7+ Kf8 48. Rh7 1/2-1/2

[Event "Landesliga Sued 1920"]
[Site "Bayern"]
[Date "2019.11.24"]
[Round "3.1"]
[White "Eichler, Christoph"]
[Black "Soham, Das1111"]
[Result "1-0"]
[WhiteElo "2301"]
[BlackElo "2383"]
[PlyCount "81"]
[EventDate "2019.09.29"]
[EventType "team-tourn"]
[EventRounds "9"]
[EventCountry "GER"]
[SourceTitle "EXT 2021"]
[Source "ChessBase"]
[SourceDate "2020.10.23"]
[SourceVersion "1"]
[SourceVersionDate "2020.10.23"]
[SourceQuality "1"]
[WhiteTeam "MSA Zugzwang II"]
[BlackTeam "Muenchen Tarrasch"]
[WhiteTeamCountry "GER"]
[BlackTeamCountry "GER"]

1. Nf3 f5 2. d4 Nf6 3. g3 g6 4. Bg2 Bg7 5. 0-0 0-0 6. c4 d6 7. Nc3 c6 8. Rb1 Qc7 9. d5 Na6 10. b4 Bd7 11. Qb3 Kh8 12. e4 c5 13. b5 Nb4 14. Ng5 Nd3 15. Bd2 Qc8 16. Rbd1 h6 17. Ne6 Bxe6 18. dxe6 Qxe6 19. Nd5 fxe4 20. Nc7 Qf5 21. Nxa8 Ng4 22. Be3 Rxa8 23. Bxe4 Qxe4 24. Qxd3 Qxd3 25. Rxd3 Ne5 26. Rb3 Nxc4 27. Rc1 Ne5 28. Kg2 b6 29. f4 c4 30. Ra3 Ng4 31. Rxc4 Bb2 32. Bd4+ Bxd4 33. Rxd4 Rc8 34. Rxa7 Rc2+ 35. Kf3 h5 36. Ke4 e5 37. fxe5 Nf2+ 38. Kf3 Ng4 39. exd6 Rf2+ 40. Ke4 Nf6+ 41. Kd3 1-0

[Event "Bundesliga 1819"]
[Site "Germany"]
[Date "2019.03.09"]
[Round "12.5"]
[White "Eichler, Christoph"]
[Black "Naumann, Alexander"]
[Result "1/2-1/2"]
[WhiteElo "2315"]
[BlackElo "2532"]
[PlyCount "90"]
[EventDate "2018.11.10"]
[EventType "team-tourn"]
[EventRounds "15"]
[EventCountry "GER"]
[SourceTitle "CBM 189 Extra"]
[Source "ChessBase"]
[SourceDate "2019.06.03"]
[SourceVersion "1"]
[SourceVersionDate "2019.06.03"]
[SourceQuality "1"]
[WhiteTeam "Muenchen Zugzwang"]
[BlackTeam "Solingen"]
[WhiteTeamCountry "GER"]
[BlackTeamCountry "GER"]

1. Nf3 c5 2. e3 Nf6 3. d4 cxd4 4. exd4 d5 5. c3 Nc6 6. Ne5 e6 7. f4 Ne4 8. Qf3 g6 9. Nd2 Nd6 10. Bd3 Bg7 11. 0-0 f6 12. Nxc6 bxc6 13. Qe2 0-0 14. Nf3 Qc7 15. Be3 Nf5 16. Rae1 Nxe3 17. Qxe3 Bh6 18. g3 a5 19. Rf2 Bd7 20. Bf1 Rae8 21. Bh3 Bc8 22. Qd3 e5 23. Bxc8 e4 24. Qd1 Rxc8 25. Nh4 f5 26. Ng2 Bg7 27. Ne3 Rfd8 28. Rd2 Qb6 29. Kh1 Kh8 30. a3 Qb5 31. b4 axb4 32. axb4 Ra8 33. Qe2 Qb7 34. Ra2 Rxa2 35. Qxa2 Ra8 36. Qb2 Qa6 37. Kg2 h6 38. h4 Qb5 39. Kf2 Ra4 40. Ra1 Rxa1 41. Qxa1 Qd3 42. Qb2 h5 43. Qc2 Qa6 44. Qb2 Qd3 45. Qc2 Qa6 1/2-1/2

[Event "Bundesliga 1819"]
[Site "Germany"]
[Date "2019.03.02"]
[Round "10.7"]
[White "Eichler, Christoph"]
[Black "Jakubowski, Krzysztof"]
[Result "0-1"]
[WhiteElo "2315"]
[BlackElo "2510"]
[PlyCount "112"]
[EventDate "2018.11.10"]
[EventType "team-tourn"]
[EventRounds "15"]
[EventCountry "GER"]
[SourceTitle "CBM 189 Extra"]
[Source "ChessBase"]
[SourceDate "2019.06.03"]
[SourceVersion "1"]
[SourceVersionDate "2019.06.03"]
[SourceQuality "1"]
[WhiteTeam "Muenchen Zugzwang"]
[BlackTeam "Berlin SF"]
[WhiteTeamCountry "GER"]
[BlackTeamCountry "GER"]

1. e4 c5 2. Nf3 e6 3. b3 a6 4. Bb2 Nc6 5. Be2 Qc7 6. c4 Nf6 7. Nc3 b6 8. 0-0 Bb7 9. Re1 Bd6 10. Bf1 Ng4 11. g3 h5 12. Bh3 0-0-0 13. Na4 Nge5 14. Nxe5 Bxe5 15. Bxe5 Qxe5 16. Nxb6+ Kb8 17. Bg2 h4 18. Qf3 Nd4 19. Qc3 hxg3 20. hxg3 f5 21. f4 Qd6 22. Na4 fxe4 23. Re3 g5 24. Rf1 Nf3+ 25. Rfxf3 exf3 26. Rxf3 gxf4 27. Rxf4 Rhg8 28. Qe3 Bxg2 29. Kxg2 Qc6+ 30. Qf3 Kc7 31. Qxc6+ Kxc6 32. d4 cxd4 33. Rxd4 Rg7 34. c5 Rdg8 35. Rd6+ Kc7 36. Rxa6 Rxg3+ 37. Kf2 Rg2+ 38. Kf3 R8g3+ 39. Kf4 Rg4+ 40. Kf3 R2g3+ 41. Kf2 Rg2+ 42. Kf3 e5 43. Ra7+ Kc6 44. Ra6+ Kb7 45. Rd6 R4g3+ 46. Ke4 Re2+ 47. Kf5 Rf3+ 48. Kg4 Rf7 49. Nb6 Rg2+ 50. Kh3 Rg5 51. Rxd7+ Rxd7 52. Nxd7 e4 53. Kh4 Rg7 54. Ne5 e3 55. Nf3 e2 56. Kh3 Rf7 0-1

[Event "Bundesliga 1718"]
[Site "Germany"]
[Date "2017.11.12"]
[Round "4.4"]
[White "Eichler, Christoph"]
[Black "Ruck, Robert"]
[Result "1/2-1/2"]
[WhiteElo "2286"]
[BlackElo "2533"]
[PlyCount "156"]
[EventDate "2017.10.21"]
[EventType "team-tourn"]
[EventRounds "15"]
[EventCountry "GER"]
[SourceTitle "CBM 182"]
[Source "ChessBase"]
[SourceDate "2018.01.17"]
[SourceVersion "1"]
[SourceVersionDate "2018.01.17"]
[SourceQuality "1"]
[WhiteTeam "Muenchen Zugzwang"]
[BlackTeam "Speyer Schwegenheim"]
[WhiteTeamCountry "GER"]
[BlackTeamCountry "GER"]

1. d4 Nf6 2. c4 e6 3. Nf3 b6 4. g3 Ba6 5. Qa4 Bb7 6. Bg2 c5 7. 0-0 cxd4 8. Nxd4 Bxg2 9. Kxg2 Qc8 10. Rd1 a6 11. Nc3 Qb7+ 12. f3 Be7 13. Bf4 0-0 14. Rd2 Rc8 15. Rad1 d6 16. Nc2 Ne8 17. Be3 Nd7 18. Bd4 Rc7 19. e4 Rac8 20. Na3 h6 21. Qb3 Rc6 22. Na4 Bg5 23. Re2 Bf6 24. Red2 Qc7 25. Bxf6 Nexf6 26. Qe3 Qb8 27. Nc3 Ne8 28. Ne2 Qb7 29. b3 Rc5 30. Nd4 Ne5 31. Nac2 b5 32. cxb5 axb5 33. Ne1 b4 34. Qe2 Nf6 35. Ndc2 Ne8 36. Ne3 Rc3 37. Nd3 Nxd3 38. Rxd3 Qa7 39. Nc4 Rxd3 40. Rxd3 Rc6 41. Qf2 Qa8 42. Rd2 Ra6 43. h4 Qb8 44. Qd4 Rc6 45. Qb2 Nf6 46. Nxd6 Rxd6 47. Rxd6 Qxd6 48. e5 Qc5 49. exf6 Qc3 50. Qe2 gxf6 51. Qc4 Qd2+ 52. Kf1 f5 53. Qe2 Qd6 54. f4 Qd4 55. Kg2 Kg7 56. h5 Kf6 57. Kh2 Ke7 58. Qb5 Qd2+ 59. Kh3 Qe1 60. Kg2 Kf6 61. Qb6 Qe2+ 62. Kg1 Qd2 63. Kf1 Kg7 64. Kg1 Qe1+ 65. Kg2 Qe4+ 66. Kf2 Qc2+ 67. Kf3 Qd2 68. Qb8 Qd4 69. Kg2 Qe4+ 70. Kf2 Qc2+ 71. Kf3 Qd1+ 72. Kf2 Qd2+ 73. Kf3 Qe1 74. Kg2 Qe2+ 75. Kg1 Qe4 76. Kf2 Qd4+ 77. Kg2 Qc5 78. Kf3 Qd4 1/2-1/2

[Event "Bundesliga 1718"]
[Site "Germany"]
[Date "2017.11.11"]
[Round "3.3"]
[White "Gustafsson, Jan"]
[Black "Eichler, Christoph"]
[Result "1-0"]
[WhiteElo "2640"]
[BlackElo "2286"]
[PlyCount "91"]
[EventDate "2017.10.21"]
[EventType "team-tourn"]
[EventRounds "15"]
[EventCountry "GER"]
[SourceTitle "CBM 182"]
[Source "ChessBase"]
[SourceDate "2018.01.17"]
[SourceVersion "1"]
[SourceVersionDate "2018.01.17"]
[SourceQuality "1"]
[WhiteTeam "Baden-Baden"]
[BlackTeam "Muenchen Zugzwang"]
[WhiteTeamCountry "GER"]
[BlackTeamCountry "GER"]

1. c4 e6 2. Nc3 d5 3. d4 Nf6 4. Nf3 c5 5. Bf4 a6 6. e3 Nc6 7. a3 dxc4 8. Bxc4 cxd4 9. exd4 Be7 10. 0-0 0-0 11. Ba2 Nd5 12. Nxd5 exd5 13. Qb3 Bf6 14. Be3 Ne7 15. Bg5 Bxg5 16. Nxg5 b5 17. Rac1 Bf5 18. Rfe1 Rc8 19. Rxc8 Bxc8 20. Qe3 Nf5 21. Qf4 h6 22. Nf3 Be6 23. Re5 Ne7 24. Bb1 Nc6 25. Re1 Na5 26. Qd2 Re8 27. b3 Nb7 28. Qc2 g6 29. Qc6 Na5 30. Qxa6 Nxb3 31. Qxb5 Qb8 32. Qb4 Rc8 33. h3 Kg7 34. Bd3 Qxb4 35. axb4 Rb8 36. Rb1 Rxb4 37. Nd2 Nxd2 38. Rxb4 Kf6 39. f3 h5 40. Kf2 Ke7 41. Ke3 Nc4+ 42. Bxc4 dxc4 43. h4 Kd6 44. Rb6+ Kd5 45. Rb5+ Kd6 46. Kd2 1-0

[Event "AUT-chT2W 1718"]
[Site "Austria"]
[Date "2017.10.14"]
[Round "2.2"]
[White "Koepke, Christian"]
[Black "Eichler, Christoph"]
[Result "1/2-1/2"]
[WhiteElo "2290"]
[BlackElo "2286"]
[PlyCount "77"]
[EventDate "2017.10.13"]
[EventType "team-tourn"]
[EventRounds "11"]
[EventCountry "AUT"]
[SourceTitle "CBM 181 Extra"]
[Source "ChessBase"]
[SourceDate "2017.12.12"]
[SourceVersion "1"]
[SourceVersionDate "2017.12.12"]
[SourceQuality "1"]
[WhiteTeam "Kufstein/Woergl"]
[BlackTeam "Neumarkt"]
[WhiteTeamCountry "AUT"]
[BlackTeamCountry "AUT"]

1. d4 d5 2. Bf4 c5 3. e3 Nc6 4. c3 Nf6 5. Nd2 e6 6. Ngf3 Bd6 7. Bg3 0-0 8. Bd3 Qe7 9. Ne5 Nd7 10. Nxd7 Qxd7 11. Bxd6 Qxd6 12. 0-0 e5 13. dxc5 Qxc5 14. e4 d4 15. Rc1 Be6 16. a3 dxc3 17. Rxc3 Qe7 18. Qc1 Rfd8 19. Re1 Nd4 20. Bc4 Rac8 21. Nf1 b5 22. Bxe6 Qxe6 23. Ng3 Rxc3 24. bxc3 Rc8 25. Qd2 Nb3 26. Qe3 Qd7 27. h3 g6 28. Rb1 Nc5 29. Qe2 a6 30. Rd1 Qe6 31. Rd5 Na4 32. Qd2 Nxc3 33. Rd6 Qc4 34. Rd8+ Rxd8 35. Qxd8+ Kg7 36. Nf5+ gxf5 37. Qg5+ Kh8 38. Qd8+ Kg7 39. Qg5+ 1/2-1/2

[Event "Schwarzach op 32nd"]
[Site "Schwarzach"]
[Date "2017.08.20"]
[Round "3"]
[White "Krstic, Uros"]
[Black "Eichler, Christoph"]
[Result "1-0"]
[WhiteElo "2388"]
[BlackElo "2304"]
[PlyCount "67"]
[EventDate "2017.08.19"]
[EventType "swiss"]
[EventRounds "9"]
[EventCountry "AUT"]
[SourceTitle "CBM 180 Extra"]
[Source "ChessBase"]
[SourceDate "2017.10.06"]
[SourceVersion "1"]
[SourceVersionDate "2017.10.06"]
[SourceQuality "1"]

1. e4 c5 2. Nf3 Nc6 3. Nc3 g6 4. d4 cxd4 5. Nxd4 Bg7 6. Nb3 Bxc3+ 7. bxc3 Nf6 8. Bd3 d6 9. Bg5 Qc7 10. 0-0 Ne5 11. Qe1 h6 12. Bd2 Bd7 13. f4 Nc4 14. e5 dxe5 15. fxe5 Nd5 16. Qf2 Nxe5 17. c4 Nf6 18. Rae1 Be6 19. Qg3 Nfd7 20. Bf4 f6 21. Bxg6+ Kd8 22. Bd3 Rg8 23. Qf2 Bxc4 24. Rd1 Bd5 25. Bg3 Qb6 26. Bh7 Bxb3 27. Bxe5 Qxf2+ 28. Rxf2 Rg7 29. Bf5 Ba4 30. Bf4 h5 31. Bh6 Rf7 32. Bg6 Ke8 33. Bxh5 Rc8 34. Rd4 1-0

[Event "Bundesliga 1617"]
[Site "Germany"]
[Date "2016.12.03"]
[Round "5.6"]
[White "Eichler, Christoph"]
[Black "Andersen, Mads"]
[Result "0-1"]
[WhiteElo "2325"]
[BlackElo "2542"]
[PlyCount "140"]
[EventDate "2016.10.15"]
[EventType "team-tourn"]
[EventRounds "15"]
[EventCountry "GER"]
[SourceTitle "CBM 176"]
[Source "ChessBase"]
[SourceDate "2017.01.17"]
[SourceVersion "1"]
[SourceVersionDate "2017.01.17"]
[SourceQuality "1"]
[WhiteTeam "Muenchen Zugzwang"]
[BlackTeam "Solingen"]
[WhiteTeamCountry "GER"]
[BlackTeamCountry "GER"]

1. e4 c5 2. Nf3 d6 3. d4 cxd4 4. Qxd4 Nc6 5. Bb5 a6 6. Bxc6+ bxc6 7. c4 e5 8. Qd3 Be7 9. Nc3 Qc7 10. 0-0 Nf6 11. Bg5 0-0 12. Rac1 Bg4 13. h3 Bh5 14. b4 Qb7 15. Bxf6 Bxf6 16. Qxd6 Rad8 17. Qc5 Bxf3 18. gxf3 Be7 19. Qxe5 Qxb4 20. Rb1 Qxc4 21. Qxe7 Qxc3 22. Rb3 Qd2 23. Rfb1 Qxa2 24. Qc7 Rc8 25. Qf4 c5 26. Qc1 Qa4 27. Qa3 Qd7 28. Kg2 Rc6 29. Rb6 Qc8 30. Qa4 Re6 31. Rxe6 Qxe6 32. Rb7 Qg6+ 33. Kf1 Qe6 34. Kg2 c4 35. Ra7 Qg6+ 36. Kf1 Qh5 37. Qxc4 Qxf3 38. Rxa6 Rd8 39. Qd5 Qxh3+ 40. Ke2 Qc8 41. Rd6 Rxd6 42. Qxd6 h5 43. f3 Qe6 44. Qd8+ Kh7 45. Kf2 f6 46. Qd1 Qe5 47. Qh1 Qc5+ 48. Ke2 Qb5+ 49. Kf2 Qc5+ 50. Ke2 Qg5 51. Qh3 Kh6 52. Qc8 h4 53. Qh8+ Kg6 54. Qe8+ Kh7 55. Qc8 Qg2+ 56. Ke3 h3 57. Qf5+ Kh6 58. Qc8 Qg3 59. Qh8+ Kg6 60. Qe8+ Kg5 61. Qf8 Qe1+ 62. Kd3 Qd1+ 63. Ke3 Qc1+ 64. Ke2 g6 65. Qb8 Qf4 66. Qb1 h2 67. Kf2 Kh4 68. Ke2 Qg3 69. Qc1 Qg2+ 70. Kd3 Qxf3+ 0-1

[Event "Bundesliga 1617"]
[Site "Germany"]
[Date "2016.11.19"]
[Round "3.7"]
[White "Eichler, Christoph"]
[Black "Jakubowski, Krzysztof"]
[Result "0-1"]
[WhiteElo "2325"]
[BlackElo "2520"]
[PlyCount "78"]
[EventDate "2016.10.15"]
[EventType "team-tourn"]
[EventRounds "15"]
[EventCountry "GER"]
[SourceTitle "CBM 176"]
[Source "ChessBase"]
[SourceDate "2017.01.17"]
[SourceVersion "1"]
[SourceVersionDate "2017.01.17"]
[SourceQuality "1"]
[WhiteTeam "Muenchen Zugzwang"]
[BlackTeam "Berlin SF"]
[WhiteTeamCountry "GER"]
[BlackTeamCountry "GER"]

1. Nf3 c5 2. e4 e6 3. b3 b6 4. d4 cxd4 5. Nxd4 Bb7 6. Nb5 Na6 7. Bb2 Nf6 8. e5 Ne4 9. Nd2 Nac5 10. Nxe4 Nxe4 11. Bd3 Rc8 12. 0-0 a6 13. Qe2 Nc5 14. Nd6+ Bxd6 15. exd6 Nxd3 16. Qxd3 Rc5 17. c4 h5 18. Rae1 h4 19. h3 b5 20. f3 bxc4 21. bxc4 Rg5 22. Bd4 Bc6 23. Rb1 0-0 24. Rf2 e5 25. Bc3 Re8 26. Rbb2 Rg3 27. Qf5 Rg5 28. Qd3 e4 29. fxe4 Rxe4 30. Qb1 Re8 31. Qf1 Rg6 32. Rxf7 Qg5 33. Re7 Rxe7 34. dxe7 Qxe7 35. Qd3 Qg5 36. Qd2 Qf5 37. Qd1 Rg3 38. Be1 Qc5+ 39. Kh2 Qe5 0-1

[Event "BL2-Ost 1516"]
[Site "Germany"]
[Date "2016.03.13"]
[Round "4.6"]
[White "Eichler, Christoph"]
[Black "Schunk, Thomas"]
[Result "1/2-1/2"]
[WhiteElo "2349"]
[BlackElo "2197"]
[PlyCount "71"]
[EventDate "2015.09.20"]
[EventType "team-tourn"]
[EventRounds "9"]
[EventCountry "GER"]
[SourceTitle "EXT 2017"]
[Source "ChessBase"]
[SourceDate "2016.10.25"]
[SourceVersion "1"]
[SourceVersionDate "2016.10.25"]
[SourceQuality "1"]
[WhiteTeam "Zugzwang MSA"]
[BlackTeam "Leipzig SG"]
[WhiteTeamCountry "GER"]
[BlackTeamCountry "GER"]

1. Nf3 c5 2. e3 g6 3. d4 Bg7 4. Be2 Nf6 5. 0-0 Qc7 6. d5 0-0 7. Nc3 a6 8. a4 d6 9. h3 e5 10. Nd2 b6 11. e4 Ne8 12. Nc4 f5 13. f4 Nd7 14. Be3 Ra7 15. Qd2 exf4 16. Bxf4 Ne5 17. exf5 gxf5 18. Rae1 Qd8 19. Bg5 Nxc4 20. Bxc4 Bf6 21. Bxf6 Qxf6 22. Rf4 Re7 23. Rxe7 Qxe7 24. Qe2 Qxe2 25. Nxe2 Ng7 26. Rf3 Re8 27. Kf2 Re4 28. b3 Nh5 29. Re3 Nf6 30. Rxe4 Nxe4+ 31. Ke3 Kf7 32. Kf4 Kf6 33. Bd3 Nf2 34. Bc4 Ne4 35. Bd3 Nf2 36. Bc4 1/2-1/2

[Event "BL2-Ost 1415"]
[Site "Germany"]
[Date "2015.02.22"]
[Round "10.7"]
[White "Troyke, Christian"]
[Black "Eichler, Christoph"]
[Result "1/2-1/2"]
[WhiteElo "2342"]
[BlackElo "2331"]
[PlyCount "96"]
[EventDate "2014.10.18"]
[EventType "team-tourn"]
[EventRounds "10"]
[EventCountry "GER"]
[SourceTitle "CBM 166 Extra"]
[Source "ChessBase"]
[SourceDate "2015.06.18"]
[SourceVersion "1"]
[SourceVersionDate "2015.06.18"]
[SourceQuality "1"]
[WhiteTeam "Erfurt"]
[BlackTeam "Zugzwang MSA"]
[WhiteTeamCountry "GER"]
[BlackTeamCountry "GER"]

1. g3 d5 2. Nf3 g6 3. Bg2 Bg7 4. c4 c6 5. Qa4 Nd7 6. cxd5 cxd5 7. Nc3 Ngf6 8. 0-0 0-0 9. d3 Nb6 10. Qh4 Bg4 11. Bg5 Bxf3 12. Bxf3 Qd7 13. Rfc1 d4 14. Ne4 Nxe4 15. Qxe4 h6 16. Bd2 Rab8 17. Rc2 e6 18. Rac1 Nd5 19. Qh4 h5 20. Qh3 Rfc8 21. Rxc8+ Rxc8 22. Rxc8+ Qxc8 23. Bxd5 Qc2 24. Bxe6 fxe6 25. Qxe6+ Kh7 26. Bg5 Qxb2 27. Kf1 Qb1+ 28. Kg2 Qb5 29. h4 Qf5 30. Qxf5 gxf5 31. Kf1 Kg6 32. Ke1 Kf7 33. Kd2 Ke6 34. Kc2 Kd5 35. Kb3 Bf8 36. Bd2 b5 37. a4 Kc6 38. e4 dxe3 39. Bxe3 a6 40. Bd2 Bc5 41. Be3 bxa4+ 42. Kxa4 Bxe3 43. fxe3 Kb6 44. Kb4 a5+ 45. Kc4 Kc6 46. Kd4 Kd6 47. Kc4 Kc6 48. Kd4 Kd6 1/2-1/2

[Event "BL2-Ost 1415"]
[Site "Germany"]
[Date "2015.01.31"]
[Round "7.7"]
[White "Eichler, Christoph"]
[Black "Eichner, Sebastian"]
[Result "1/2-1/2"]
[WhiteElo "2331"]
[BlackElo "2365"]
[PlyCount "28"]
[EventDate "2014.10.18"]
[EventType "team-tourn"]
[EventRounds "10"]
[EventCountry "GER"]
[SourceTitle "CBM 166 Extra"]
[Source "ChessBase"]
[SourceDate "2015.06.18"]
[SourceVersion "1"]
[SourceVersionDate "2015.06.18"]
[SourceQuality "1"]
[WhiteTeam "Zugzwang MSA"]
[BlackTeam "Aue Nickelhuette"]
[WhiteTeamCountry "GER"]
[BlackTeamCountry "GER"]

1. Nf3 Nf6 2. c4 e6 3. Nc3 d5 4. d4 Nbd7 5. cxd5 exd5 6. Bg5 c6 7. e3 Be7 8. Bd3 Nf8 9. Qc2 Ne6 10. Bxf6 Bxf6 11. 0-0 g6 12. b4 0-0 13. Na4 Ng7 14. b5 cxb5 1/2-1/2

[Event "Neckar op-A 18th"]
[Site "Deizisau"]
[Date "2014.04.18"]
[Round "3"]
[White "Eichler, Christoph"]
[Black "Rapport, Richard"]
[Result "0-1"]
[WhiteElo "2330"]
[BlackElo "2698"]
[PlyCount "60"]
[EventDate "2014.04.17"]
[EventType "swiss"]
[EventRounds "9"]
[EventCountry "GER"]
[SourceTitle "CBM 159 Extra"]
[Source "ChessBase"]
[SourceDate "2014.04.24"]
[SourceVersion "1"]
[SourceVersionDate "2014.04.24"]
[SourceQuality "1"]

1. d4 Nf6 2. c4 d6 3. Nf3 g6 4. g3 Bg7 5. Bg2 0-0 6. 0-0 Bf5 7. Nc3 Ne4 8. Nh4 Nxc3 9. bxc3 Bc8 10. e4 c5 11. Be3 Qa5 12. Qd3 Nc6 13. f4 Qa3 14. Rad1 Bg4 15. Nf3 Na5 16. h3 Bxf3 17. Bxf3 cxd4 18. cxd4 Qxd3 19. Rxd3 Nxc4 20. e5 Rad8 21. Rc3 d5 22. Kf2 e6 23. g4 f6 24. Ke2 fxe5 25. fxe5 Nxe3 26. Rxe3 Rc8 27. Rb3 Rc2+ 28. Kd3 Rxa2 29. Rxb7 Ra3+ 30. Ke2 Bh6 0-1

[Event "Nuremberg LGA Cup 6th"]
[Site "Nuremberg"]
[Date "2009.09.05"]
[Round "5"]
[White "Eichler, Christoph"]
[Black "Hoermann, Gunther"]
[Result "1-0"]
[WhiteElo "2338"]
[BlackElo "2067"]
[PlyCount "79"]
[EventDate "2009.09.03"]
[EventType "swiss"]
[EventRounds "7"]
[EventCountry "GER"]
[SourceTitle "CBM 132 Extra"]
[Source "ChessBase"]
[SourceDate "2009.11.03"]
[SourceVersion "1"]
[SourceVersionDate "2009.11.03"]
[SourceQuality "1"]

1. d4 Nf6 2. Nf3 b6 3. g3 Bb7 4. Bg2 e6 5. 0-0 Be7 6. c4 0-0 7. Re1 d5 8. Ne5 c5 9. Nc3 Nbd7 10. cxd5 Nxe5 11. d6 Nc6 12. dxc5 bxc5 13. Bf4 e5 14. dxe7 Qxe7 15. Bg5 Qe6 16. Bxf6 Qxf6 17. Ne4 Qe7 18. Qd6 Rfe8 19. Qxe7 Rxe7 20. Nxc5 Na5 21. Nxb7 Nxb7 22. Red1 e4 23. Rac1 f5 24. f3 exf3 25. Bxf3 Kf7 26. Rd5 g6 27. Kf2 Rd8 28. Rxd8 Nxd8 29. b4 Ke6 30. a4 Nf7 31. b5 Ne5 32. a5 Nxf3 33. Kxf3 Kd5 34. b6 a6 35. Rc8 g5 36. Ra8 Kc6 37. Rxa6 Re5 38. Ra7 Rb5 39. b7 Rb3+ 40. e3 1-0

[Event "Nuremberg LGA Cup 6th"]
[Site "Nuremberg"]
[Date "2009.09.05"]
[Round "4"]
[White "Walch, Roger"]
[Black "Eichler, Christoph"]
[Result "1/2-1/2"]
[WhiteElo "1738"]
[BlackElo "2338"]
[PlyCount "67"]
[EventDate "2009.09.03"]
[EventType "swiss"]
[EventRounds "7"]
[EventCountry "GER"]
[SourceTitle "CBM 132 Extra"]
[Source "ChessBase"]
[SourceDate "2009.11.03"]
[SourceVersion "1"]
[SourceVersionDate "2009.11.03"]
[SourceQuality "1"]

1. e4 c5 2. Nf3 Nc6 3. Nc3 g6 4. d4 cxd4 5. Nxd4 Bg7 6. Be3 Nf6 7. f3 0-0 8. Qd2 d5 9. Nxc6 bxc6 10. 0-0-0 Qa5 11. Bh6 dxe4 12. Bxg7 Kxg7 13. Bc4 exf3 14. gxf3 Ba6 15. Bb3 c5 16. Qg5 Qb4 17. a3 Qb7 18. h4 Qxf3 19. Qxc5 e6 20. Qe5 Qh5 21. Qd6 Bb7 22. Rhf1 Bf3 23. Qf4 Bxd1 24. Qxf6+ Kg8 25. Rxd1 Qf5 26. Qxf5 gxf5 27. Ne2 Kg7 28. Rd7 Kf6 29. Nf4 Rg8 30. Nh5+ Kg6 31. Nf4+ Kf6 32. Nh5+ Kg6 33. Nf4+ Kf6 34. Nh5+ 1/2-1/2